00512nam a22001577a 450000500170000000800410001702000150005804100130007308200120008610000250009824501090012325000190023226000480025130000300029965000250032920231122090653.0231122b |||||||| |||| 00| 0 eng d a0702133809 aEnglish  a342 NAL aNaldi, GJ lEnglish  aConstitutional Rights in Namibia : bA Comparative Analysis with International Human Rights / cGJ Naldi aFirst Edition  aCape Town : bJuta and Company Ltd, c1995 bxxv, 109 pages ; c25 cm. aLegal practice bLaw